Introduction to semiconductor devices
Salvato in:
| Autore principale: | |
|---|---|
| Natura: | Libro |
| Lingua: | Undetermined |
| Pubblicazione: |
London
George G. Harrap And Co.
1970
|
| Soggetti: | |
| Tags: |
Aggiungi Tag
Nessun Tag, puoi essere il primo ad aggiungerne! !
|
| Thư viện lưu trữ: | Trung tâm Học liệu Trường Đại học Cần Thơ |
|---|
| LEADER | 00490nam a2200181Ia 4500 | ||
|---|---|---|---|
| 001 | CTU_84169 | ||
| 008 | 210402s9999 xx 000 0 und d | ||
| 082 | |a 621.3815 | ||
| 082 | |b M829 | ||
| 100 | |a Morant, M. J. | ||
| 245 | 0 | |a Introduction to semiconductor devices | |
| 245 | 0 | |c M. J. Morant | |
| 260 | |a London | ||
| 260 | |b George G. Harrap And Co. | ||
| 260 | |c 1970 | ||
| 650 | |a Semiconductors | ||
| 904 | |i QHieu(sửa) | ||
| 980 | |a Trung tâm Học liệu Trường Đại học Cần Thơ | ||